Las aventuras de robin hood /
Guardado en:
| Autor Principal: | |
|---|---|
| Otros Autores: | |
| Formato: | Libro |
| Publicado: |
Buenos Aires :
Atlántida; 2008
|
| Edición: | 7a. ed. |
| Series: | Nueva Biblioteca Billiken ; 40
|
| Materias: | |
| Etiquetas: |
Agregar Etiqueta
Sin Etiquetas, Sea el primero en etiquetar este registro!
|
| LEADER | 01140nam a22002535a 4500 | ||
|---|---|---|---|
| 001 | CEM.cems013726 | ||
| 005 | 20120801184338.0 | ||
| 008 | 130507b######################000#0#####d | ||
| 003 | CEMS | ||
| 020 | |a 9789500835213 | ||
| 082 | 0 | 4 | |a 823.9 |
| 100 | 1 | |a Anónimo | |
| 245 | 1 | 0 | |a Las aventuras de robin hood / |c Ilustrado Por Lisa Aniano |
| 250 | |a 7a. ed. | ||
| 260 | |a Buenos Aires : |b Atlántida; 2008 | ||
| 300 | |a 192 p. | ||
| 490 | 0 | |a Nueva Biblioteca Billiken ; 40 | |
| 500 | |a Título original: Robin Hoodtraducción: Carlos Coldaroli | ||
| 505 | 0 | |a Un capuchón, un arco, una flecha y una casaca verde, configuran la imagen legendaria y heroica de Robin Hood, el intrépido y audaz habitante de la selva de Sherwood, allá en los tiempos de Ricardo Corazón de León. La historia de Robin Hood ha sido relatada innumerables veces y desde distintos ángulos. Eternas como el mito, las hazañas que de él se cuentan han apasionado siempre a los niños | |
| 653 | |a Literatura juvenil | ||
| 653 | |a Literatura inglesa | ||
| 653 | |a Novela | ||
| 700 | 1 | |a Aniano, Lisa ; il. | |
| 859 | |a CEMS |b BIB. CEMS - 11 de abril |h 823.9 |i Av34 |p 26466.12 |t Ej.1 | ||
